000
00293nam a22001337a 4500
082
_a
823
_b
MAG/E
100
_a
MAGDELEN, NABB
245
_a
THE ENCHANTED HORSE
246
_a
THE ENCHANTED HORSE
_b
THE ENCHANTED HORSE
260
_c
1995
300
_a
93
650
_a
ENGLISH STORY
942
_c
BK
999
_c
8706
_d
8706